[Event "N3 - Perpignan / Ech Toulousain"]
[Site "?"]
[Date "2002.??.??"]
[Round "4.7"]
[White "Yrle, Michel"]
[Black "Robichon, Franck"]
[Result "1-0"]
[WhiteElo "1910"]
[BlackElo "1900"]
[EventDate "2003.07.04"]
[PlyCount "109"]

1.e4 c5 2.c3 d5 3.exd5 Qxd5 4.d4 cxd4 5.cxd4 e5 6.Be3 Nc6 7.Nc3 Bb4 8.dxe5
Bxc3+ 9.bxc3 Qxe5 10.Rc1 Nge7 11.Nf3 Qh5 12.Be2 Bg4 13.O-O Qa5 14.Bc4 Ne5 
15.Bb3 O-O 16.h3 Nxf3+ 17.gxf3 Bxh3 18.Re1 Ng6 19.f4 Qf5 20.Qf3 b6 21.Qg3 
Qg4 22.Kh2 Qxg3+ 23.Kxg3 Bf5 24.c4 Rfc8 25.c5 bxc5 26.Rxc5 Bd3 27.Rc7 a5 
28.Bxf7+ Kh8 29.Ra7 a4 30.a3 Rf8 31.Rxa8 Rxa8 32.Bc5 h6 33.Re3 Bc2 34.Rc3 
Bf5 35.Bb4 Kh7 36.Rc7 Rc8 37.Rxc8 Bxc8 38.Be8 h5 39.Bd6 h4+ 40.Kh2 h3 41.
Bxa4 Kh6 42.Bc6 Nh4 43.a4 Nf5 44.Bc5 Kg6 45.a5 Ba6 46.Kxh3 Kh6 47.Kg2 g5 
48.fxg5+ Kxg5 49.Kf3 Kf6 50.Kf4 Ke6 51.Kg5 Nd6 52.f4 Nf7+ 53.Kg6 Bd3+ 54.
Kg7 Ba6 55.f5+ 1-0

[Event "N3 - Agen / Condom"]
[Site "?"]
[Date "2002.??.??"]
[Round "1.7"]
[White "Vers, Jean-M"]
[Black "Baumann, Benjamin"]
[Result "0-1"]
[WhiteElo "1800"]
[BlackElo "1900"]
[EventDate "2003.07.04"]
[PlyCount "80"]

1.d4 Nf6 2.f4 d5 3.Nf3 e6 4.e3 Nc6 5.c3 Bd6 6.Bd3 Ne7 7.Nbd2 c5 8.Ne5 Nf5 
9.Qf3 h5 10.Bxf5 exf5 11.Qg3 Ng4 12.Ndf3 Be6 13.Bd2 Rh6 14.Ng5 Qe7 15.h3 
h4 16.Qf3 Nf6 17.Qe2 a6 18.dxc5 Bxe5 19.fxe5 Nh5 20.Nxe6 Qxe6 21.Qd1 Ng3 
22.Qa4+ Kf8 23.Rg1 Qxe5 24.Qb4 a5 25.Qd4 Re6 26.Qxe5 Rxe5 27.Kd1 Rc8 28.b4
axb4 29.cxb4 Re4 30.Rb1 d4 31.exd4 Rxd4 32.Rb2 Rcd8 33.Re1 Ne4 34.Rxe4 
fxe4 35.Ke2 f6 36.a4 Rc4 37.Rb3 Rc2 38.Ke3 Rcxd2 39.Kxe4 Ra2 40.a5 Ke7 0-1

[Event "N3 - Ech Toulousain / Perpignan"]
[Site "?"]
[Date "2002.??.??"]
[Round "4.8"]
[White "Daragon, Bruno"]
[Black "Lebouchard, Charles"]
[Result "0-1"]
[WhiteElo "1830"]
[BlackElo "1970"]
[EventDate "2003.07.04"]
[PlyCount "118"]

1.c4 Nf6 2.Nc3 e6 3.e4 d6 4.d4 c5 5.dxc5 Qa5 6.Bd3 Qxc5 7.Be3 Qc7 8.h3 a6 
9.Nge2 Nbd7 10.f4 b6 11.O-O Bb7 12.Ng3 Be7 13.Qe2 O-O 14.Rad1 Nc5 15.Bb1 
Bc6 16.Bd4 Ncd7 17.e5 dxe5 18.fxe5 Ne8 19.Nh5 Bc5 20.Bxc5 bxc5 21.Rfe1 g6 
22.Nf4 Ng7 23.Bc2 Rfd8 24.Nd3 Nf5 25.Qf2 Bb7 26.Ne4 Bxe4 27.Rxe4 a5 28.Rf1
Rf8 29.Ba4 Nb6 30.Bb5 Rac8 31.Ree1 Rfd8 32.Rd1 Rd4 33.g4 Rcd8 34.Qf3 Ng7 
35.b3 Nc8 36.Bc6 Na7 37.Be4 Rc8 38.h4 Rd7 39.Kg2 Nc6 40.h5 Nxe5 41.Qg3 
Nxd3 42.Qxc7 Rcxc7 43.hxg6 hxg6 44.Bxd3 f5 45.Rfe1 Rd4 46.gxf5 gxf5 47.Kf3
Kf7 48.Rh1 Rcd7 49.Ke2 Kf6 50.Rh8 Rd8 51.Rh3 Ne8 52.Rh7 R4d7 53.Rh6+ Ke5 
54.Rh3 Nf6 55.Re1 Ng4 56.Kf3+ Kf6 57.Bb1 Rd1 58.Rxd1 Rxd1 59.Bc2 Rc1 0-1

[Event "N3 - Tournefeuille / Beziers"]
[Site "?"]
[Date "2002.??.??"]
[Round "4.2"]
[White "Daloz, Jean-Michel"]
[Black "Laclau, Daniel"]
[Result "0-1"]
[WhiteElo "2297"]
[BlackElo "2182"]
[EventDate "2003.07.04"]
[PlyCount "152"]

1.d4 d5 2.c4 c6 3.cxd5 cxd5 4.Bf4 Nc6 5.Nc3 Nf6 6.e3 a6 7.Bd3 g6 8.Nf3 Bg7
9.h3 O-O 10.O-O b5 11.a3 Na5 12.a4 b4 13.Na2 Qb6 14.Rc1 Ra7 15.Qc2 b3 16.
Bc7 Qb7 17.Qe2 Nc4 18.Nc3 Qxc7 19.Nxd5 Nxd5 20.Bxc4 Qb7 21.e4 Nf6 22.Rfe1 
Bd7 23.Ne5 Bxa4 24.Nxf7 Rxf7 25.Bxf7+ Kxf7 26.Qc4+ e6 27.Qxa4 Qb5 28.Qxb5 
axb5 29.Rc3 Rd7 30.d5 exd5 31.e5 Re7 32.Rxb3 Ne8 33.Rxb5 Nc7 34.Rb7 g5 35.
h4 h6 36.hxg5 hxg5 37.g3 g4 38.Rb4 Bxe5 39.Rxg4 Bxb2 40.Rxe7+ Kxe7 41.Kf1 
Kd6 42.Ke2 Kc5 43.Kd3 Na6 44.Rg8 Nb4+ 45.Kd2 d4 46.Rc8+ Kd5 47.Rd8+ Kc4 
48.Rc8+ Kb3 49.g4 Bc3+ 50.Kd1 Nd3 51.Rb8+ Kc4 52.Ke2 Nc5 53.g5 d3+ 54.Kd1 
Ne4 55.Rc8+ Kb3 56.Rf8 Nxg5 57.Rd8 Kc4 58.Rc8+ Kd4 59.Rd8+ Ke4 60.Re8+ Be5
61.Rf8 Nf3 62.Ra8 Bd4 63.Re8+ Kd5 64.Rd8+ Kc4 65.Rf8 Ne5 66.Rc8+ Bc5 67.
Kd2 Nf3+ 68.Kd1 Ng5 69.Kd2 Ne4+ 70.Kd1 Nxf2+ 71.Kd2 Ne4+ 72.Kd1 Kd4 73.
Rd8+ Ke3 74.Re8 Bb4 75.Rd8 Nc3+ 76.Kc1 Ba3# 0-1

[Event "N3 - Condom / Cahors"]
[Site "?"]
[Date "2002.??.??"]
[Round "4.7"]
[White "Pagnoncelli, Herve"]
[Black "Daval, C."]
[Result "1-0"]
[WhiteElo "1820"]
[BlackElo "1500"]
[EventDate "2003.07.04"]
[PlyCount "67"]

1.d4 d5 2.Nf3 Nf6 3.c4 c6 4.e3 e6 5.Bd3 Bd6 6.O-O Nbd7 7.Nbd2 O-O 8.e4 
dxe4 9.Nxe4 Nxe4 10.Bxe4 Nf6 11.Bc2 Re8 12.Qd3 h6 13.b3 Qc7 14.Bb2 g6 15.
Rad1 Ng4 16.h3 Nh2 17.Rfe1 Nxf3+ 18.Qxf3 f5 19.Qc3 Qg7 20.Qd2 Bd7 21.Bb1 
Be7 22.d5 e5 23.Bxe5 Bf6 24.Bxf6 Rxe1+ 25.Rxe1 Qxf6 26.Qxh6 cxd5 27.cxd5 
Be8 28.Bd3 Qc3 29.Qe3 Bf7 30.Bc4 Qf6 31.Qe7 Qc3 32.d6 Bxc4 33.bxc4 Qxc4 
34.d7 1-0

[Event "N3 - CEIT / Montpellier Eur"]
[Site "?"]
[Date "2002.??.??"]
[Round "4.4"]
[White "Camacho, P."]
[Black "Lenfant, Francois"]
[Result "0-1"]
[WhiteElo "1940"]
[BlackElo "2122"]
[EventDate "2003.07.04"]
[PlyCount "48"]

1.e4 e6 2.d4 d5 3.Nd2 c5 4.exd5 exd5 5.dxc5 Bxc5 6.Nb3 Bd6 7.Be2 Nc6 8.c3 
Nge7 9.Nf3 O-O 10.h3 Bf5 11.Be3 Re8 12.O-O Be4 13.Nc5 Qc7 14.Nxe4 dxe4 15.
Ng5 Nf5 16.Bc4 Nd8 17.Qb3 h6 18.Nxf7 Nxf7 19.Be6 g6 20.g4 Nh4 21.Bxf7+ 
Qxf7 22.Qxf7+ Kxf7 23.Bxh6 g5 24.Rad1 Re6 0-1

[Event "N3 - Cahors / Condom"]
[Site "?"]
[Date "2002.??.??"]
[Round "4.2"]
[White "Marty, Brice"]
[Black "Beaurain, Jerome"]
[Result "1/2-1/2"]
[WhiteElo "1990"]
[BlackElo "2220"]
[EventDate "2003.07.04"]
[PlyCount "44"]

1.e4 c5 2.Nc3 Nc6 3.f4 g6 4.Nf3 Bg7 5.Bb5 e6 6.O-O Nge7 7.Bxc6 Nxc6 8.d3 
d6 9.Be3 O-O 10.Qd2 a6 11.Rab1 Qa5 12.d4 e5 13.dxe5 dxe5 14.f5 gxf5 15.
exf5 Bxf5 16.Nxe5 Nxe5 17.Rxf5 Nc4 18.Qf2 Nxe3 19.Qxe3 Bd4 20.Qxd4 cxd4 
21.Rxa5 dxc3 22.bxc3 b5 1/2-1/2

[Event "N3 - Beziers / Tournefeuille"]
[Site "?"]
[Date "2002.??.??"]
[Round "4.9"]
[White "Jourfier"]
[Black "Cwiek, Perrine"]
[Result "1/2-1/2"]
[WhiteElo "1499"]
[BlackElo "1560"]
[EventDate "2003.07.04"]
[PlyCount "96"]

1.e4 e5 2.Nf3 Nc6 3.Bc4 Be7 4.h3 Nf6 5.Nc3 O-O 6.O-O d6 7.d3 Be6 8.Bb3 Qd7
9.Bxe6 fxe6 10.Re1 Qe8 11.Bg5 Qg6 12.Bxf6 Bxf6 13.Ne2 Be7 14.Kh2 Rf7 15.c3
Raf8 16.Ng3 h5 17.Qe2 h4 18.Nh1 Bg5 19.Nxg5 Qxg5 20.f3 Rf6 21.Qe3 Qxe3 22.
Rxe3 Ne7 23.Rd1 Ng6 24.Rd2 Rd8 25.d4 exd4 26.Rxd4 e5 27.Rd2 Nf4 28.Nf2 Re6
29.Ng4 Kf7 30.b4 Ree8 31.a4 Ng6 32.a5 a6 33.c4 Ne7 34.Red3 Nc6 35.Rb2 Nd4 
36.Rbd2 c5 37.bxc5 dxc5 38.Nf2 Rd6 39.Rb2 Rb8 40.Kg1 Ke6 41.Kf1 Nc6 42.
Rxd6+ Kxd6 43.Ra2 Kc7 44.Nd3 Kd6 45.Kf2 Nb4 46.Rd2 Nxd3+ 47.Rxd3+ Ke6 48.
Ke3 g5 1/2-1/2

[Event "N3 - Beziers / Tournefeuille"]
[Site "?"]
[Date "2002.??.??"]
[Round "4.1"]
[White "Khalil"]
[Black "Genestous, Patrick"]
[Result "0-1"]
[WhiteElo "2250"]
[BlackElo "2110"]
[EventDate "2003.07.04"]
[PlyCount "60"]

1.e4 Nf6 2.e5 Ng8 3.d4 d5 4.f4 h5 5.Nf3 Nh6 6.c4 c6 7.Nc3 Bg4 8.Be2 e6 9.
Be3 Bxf3 10.Bxf3 dxc4 11.Qe2 Nf5 12.O-O-O Bb4 13.Bf2 Qa5 14.Qxc4 Nd7 15.
Ne4 Nb6 16.Qb3 Nd5 17.a3 Be7 18.g3 g6 19.h3 O-O-O 20.Kb1 Rd7 21.Rc1 Qb6 
22.Qa4 Kb8 23.Nc5 Bxc5 24.Rxc5 Nde3 25.Bxe3 Nxe3 26.Rhc1 Rhd8 27.Rxc6 bxc6
28.Rxc6 Qb7 29.Rd6 Nd5 30.Rc6 Rc7 0-1

[Event "N3 - Condom / Agen"]
[Site "?"]
[Date "2002.??.??"]
[Round "1.2"]
[White "Ducret, Thomas"]
[Black "Marciniak, Gerard"]
[Result "1/2-1/2"]
[WhiteElo "2213"]
[BlackElo "2168"]
[EventDate "2003.07.04"]
[PlyCount "31"]

1.Nf3 d5 2.d4 Nf6 3.c4 c6 4.Nc3 dxc4 5.a4 Bg4 6.Ne5 Bh5 7.Nxc4 Na6 8.Bg5 
e6 9.f3 Nb4 10.Rc1 Be7 11.e4 O-O 12.Be2 c5 13.dxc5 Qxd1+ 14.Nxd1 Bxc5 15.
h4 h6 16.Be3 1/2-1/2

[Event "R6R3 Cate 2 / Ramonville 3"]
[Site "Blagnac"]
[Date "2002.08.12"]
[Round "3.4"]
[White "MARY, Jean-Francois"]
[Black "PORTOIS, Valentin"]
[Result "1-0"]
[WhiteElo "1320"]
[BlackElo "1199"]
[PlyCount "75"]

1.d4 d5 2.c4 e6 3.Nc3 Nf6 4.cxd5 exd5 5.Bg5 Be7 6.e3 Bg4 7.Qb3 c6 8.Qxb7 
Nbd7 9.Qxc6 Rc8 10.Qa4 O-O 11.Qxa7 Ra8 12.Qb7 Nb6 13.Bxf6 Bxf6 14.Bb5 Qd6 
15.Qc6 Qb8 16.Qc5 Nc4 17.b3 Nb2 18.Nge2 Ra5 19.Nf4 Bg5 20.Kd2 Bf5 21.Qb4 
Qa8 22.Rab1 Bxb1 23.Nxb1 Rxa2 24.Nc3 Nd3+ 25.Kxd3 Rxf2 26.g3 Bh6 27.Qa4 
Qd8 28.h4 f6 29.Nfxd5 Re8 30.Bxe8 Rf3 31.g4 Qd6 32.Qd7 Qf8 33.Ra1 Bxe3 34.
Nxe3 h6 35.Ra8 Qb4 36.Bg6+ Qf8 37.Rxf8+ Kxf8 38.Qe8# 1-0

[Event "Regionale 5"]
[Site "?"]
[Date "2002.09.13"]
[Round "1"]
[White "Lamata, Fabrice"]
[Black "Delachaux, Didier"]
[Result "1-0"]
[WhiteElo "1499"]
[BlackElo "1499"]
[EventDate "2002.??.??"]
[Annotator "Sainte Foy d'A-Montauban"]
[PlyCount "33"]

1.e4 d6 2.d4 Nf6 3.Nc3 g6 4.Nf3 Bg7 5.h3 c6 6.Bd3 Nbd7 7.Be3 a6 8.Qd2 b5 
9.a3 Nb6 10.Bh6 O-O 11.Bxg7 Kxg7 12.e5 Nfd5 13.h4 f5 14.h5 gxh5 15.Qg5+ 
Kh8 16.Qxh5 Rf7 17.Qxf7 1-0

[Event "N3 - Cahors / Tournefeuille"]
[Site "?"]
[Date "2002.10.13"]
[Round "1.5"]
[White "Canivet, Christophe"]
[Black "Laurain, Dominique"]
[Result "0-1"]
[WhiteElo "1830"]
[BlackElo "2116"]
[EventDate "2003.07.04"]
[PlyCount "78"]

1.Nc3 d5 2.d4 Nf6 3.Bg5 e6 4.e3 b6 5.g3 Nbd7 6.Bg2 h6 7.Bxf6 Nxf6 8.a3 Be7
9.Nge2 O-O 10.O-O Ba6 11.e4 Rc8 12.Re1 Bb7 13.Nf4 dxe4 14.Nxe4 Nxe4 15.
Bxe4 Bxe4 16.Rxe4 Bf6 17.c3 Qd7 18.Nh5 Bg5 19.h4 f5 20.hxg5 fxe4 21.gxh6 
Qf7 22.Qe2 Qf3 23.Qxf3 Rxf3 24.hxg7 Rf5 25.Nf4 Kxg7 26.Nxe6+ Kf6 27.Nf4 
Rg8 28.Ng2 a5 29.Re1 Re8 30.Re2 a4 31.Nh4 Rh5 32.Kg2 Kg5 33.f3 e3 34.f4+ 
Kg4 35.Nf3 Rh3 36.Nh2+ Rxh2+ 37.Kxh2 Kf3 38.Rxe3+ Rxe3 39.f5 Kg4 0-1

[Event "R6R1 Loures Bar/ Vic Big.2"]
[Site "Loures Barousse"]
[Date "2002.10.13"]
[Round "1.2"]
[White "AUDOUARD, Dany"]
[Black "DURAND, Stephane"]
[Result "0-1"]
[WhiteElo "1299"]
[BlackElo "1450"]
[PlyCount "38"]

1.d4 Nf6 2.Nf3 e6 3.Nc3 d5 4.e3 c5 5.Bb5+ Bd7 6.Ne5 a6 7.Bd3 Nc6 8.Nf3 Bd6
9.Nb5 axb5 10.Bxb5 Nb4 11.Qe2 c4 12.a4 Bxb5 13.b3 Ba6 14.Ba3 cxb3 15.Qd1 
bxc2 16.Qc1 Qa5 17.Rb1 Na2+ 18.Qd2 cxb1=Q+ 19.Bc1 Qxc1# 0-1

[Event "Regionale 5"]
[Site "?"]
[Date "2002.10.13"]
[Round "1"]
[White "Olle, Jean-Pierre"]
[Black "Auge, Jean"]
[Result "1/2-1/2"]
[WhiteElo "1850"]
[BlackElo "1960"]
[EventDate "2002.??.??"]
[Annotator "BlayeslesM - Montech"]
[PlyCount "57"]

1.e4 d5 2.exd5 Qxd5 3.Nc3 Qa5 4.d4 Nf6 5.Nf3 Bg4 6.Be2 Nbd7 7.O-O e6 8.Be3
c6 9.h3 Bxf3 10.Bxf3 Bd6 11.Ne4 Nxe4 12.Bxe4 Nf6 13.Qd3 Qh5 14.Bf3 Qh4 15.
Qd2 h6 16.Rfd1 g5 17.Kf1 g4 18.hxg4 Nxg4 19.Bxg4 Qxg4 20.Qe2 Qh4 21.Qf3 h5
22.Ke2 Qg4 23.Qxg4 hxg4 24.Rh1 Ke7 25.Rad1 f5 26.Bd2 Kf7 27.Bc3 Kg6 28.b3 
Be7 29.Rxh8 1/2-1/2

[Event "N3 - Cahors / Tournefeuille"]
[Site "?"]
[Date "2002.10.13"]
[Round "1.9"]
[White "Joanez Benedicto"]
[Black "Cwiek, Perrine"]
[Result "0-1"]
[WhiteElo "1499"]
[BlackElo "1560"]
[EventDate "2003.07.04"]
[PlyCount "82"]

1.d4 d5 2.Nc3 c6 3.Nf3 Nf6 4.Bf4 e6 5.e3 Be7 6.Bd3 O-O 7.O-O Nbd7 8.Ne5 
Nxe5 9.Bxe5 c5 10.b3 Qa5 11.Bxf6 Bxf6 12.Ne2 Bd7 13.Qe1 Qc7 14.c4 Rac8 15.
f4 b6 16.Qg3 Rfd8 17.Rf3 dxc4 18.bxc4 Bc6 19.Qh3 h6 20.Rg3 cxd4 21.Qxh6 
Kf8 22.Qh5 dxe3 23.Rxe3 Bxa1 24.f5 Rd6 25.fxe6 Rxe6 26.Rxe6 fxe6 27.Qh8+ 
Kf7 28.Qh5+ Ke7 29.Qh4+ Bf6 30.Qg4 Rd8 31.Nf4 Bd7 32.Ng6+ Kf7 33.Qf3 Bc6 
34.Qh5 Ke8 35.Qh8+ Kd7 36.Qh3 Qd6 37.Be2 Qd4+ 38.Kf1 Qa1+ 39.Kf2 Bd4+ 40.
Kg3 Qe1+ 41.Kf4 Qxe2 0-1

[Event "Regionale 5"]
[Site "?"]
[Date "2002.10.13"]
[Round "1"]
[White "Blesing, Rene"]
[Black "Chorazy, Andre"]
[Result "1-0"]
[WhiteElo "1690"]
[BlackElo "1770"]
[EventDate "2002.??.??"]
[Annotator "Millau - Colomiers"]
[PlyCount "42"]

1.e4 d5 2.exd5 Nf6 3.d4 Nxd5 4.c4 Nf6 5.Nc3 c6 6.Be2 Bf5 7.Be3 h6 8.Nf3 e6
9.O-O Bd6 10.Qb3 b6 11.Rad1 Nbd7 12.d5 exd5 13.cxd5 cxd5 14.Nxd5 Be6 15.
Bc4 Nxd5 16.Bxd5 Bxd5 17.Qxd5 Be7 18.Ne5 Nxe5 19.Qxe5 Qc8 20.Qxg7 Rf8 21.
Qxh6 Bb4 {Illisible, Les blancs matent 3 coups + tard} 1-0

[Event "Regionale 5"]
[Site "?"]
[Date "2002.10.13"]
[Round "1"]
[White "Avdagic, Adjim"]
[Black "Grimont, Lucas"]
[Result "1-0"]
[WhiteElo "1199"]
[BlackElo "1199"]
[EventDate "2002.??.??"]
[Annotator "Millau - Colomiers"]
[PlyCount "95"]

1.e4 Nf6 2.e5 Nd5 3.Bc4 Nb6 4.Bb3 d6 5.Nf3 Nc6 6.d4 dxe5 7.Nxe5 Nxe5 8.
dxe5 Qxd1+ 9.Kxd1 g6 10.f4 Bg7 11.h3 Bf5 12.g4 O-O-O+ 13.Ke2 Be4 14.Rg1 c6
15.Nc3 Bd5 16.Be3 Bxb3 17.axb3 Kb8 18.Ra2 f6 19.e6 f5 20.Rga1 Bxc3 21.bxc3
Nc8 22.Bxa7+ Nxa7 23.Rxa7 fxg4 24.hxg4 h5 25.Ra8+ Kc7 26.Rxd8 Rxd8 27.gxh5
gxh5 28.Rh1 Rh8 29.Rd1 h4 30.Kf2 h3 31.Kg1 Rh7 32.Kh2 Rh4 33.Rd7+ Kb6 34.
Rxe7 Rxf4 35.Rf7 Re4 36.e7 Re2+ 37.Kxh3 Kc7 38.e8=Q+ Kb6 39.Qxe2 c5 40.
Rxb7+ Kxb7 41.Qb5+ Ka8 42.Qd7 Kb8 43.Kg4 Ka8 44.Kf5 Kb8 45.Ke5 Ka8 46.Kd6 
Kb8 47.Kc6 Ka8 48.Qb7# 1-0

[Event "Regionale 5"]
[Site "?"]
[Date "2002.10.13"]
[Round "1"]
[White "Hazak, Marcel"]
[Black "Mouchot, Antoine"]
[Result "0-1"]
[WhiteElo "1499"]
[BlackElo "1499"]
[EventDate "2002.??.??"]
[Annotator "Millau - Colomiers"]
[PlyCount "84"]

1.Nf3 d5 2.d4 h6 3.c4 Nf6 4.Nc3 dxc4 5.Qa4+ Bd7 6.Qxc4 e6 7.Bf4 Bd6 8.Be5 
Bc6 9.Qd3 a6 10.e3 Nbd7 11.Qc2 Bxf3 12.gxf3 Nxe5 13.dxe5 Bxe5 14.Rd1 Qe7 
15.Bg2 O-O 16.f4 Bd6 17.Bxb7 Rab8 18.Bxa6 Ng4 19.Bd3 Qh4 20.Ne4 Nxe3 21.
Qe2 Nxd1 22.Kxd1 Qxf4 23.b3 Ba3 24.Nd2 Rfd8 25.f3 Rd6 26.Kc2 Qf6 27.Rb1 
Rbd8 28.Ne4 Rc6+ 29.Bc4 Qf4 30.Rg1 Qe5 31.Rb1 f5 32.Ng3 Qf4 33.Rg1 Bb4 34.
Kb1 Rd2 35.Bxe6+ Kf8 36.Qb5 Rxe6 37.Qxf5+ Qxf5+ 38.Nxf5 Ree2 39.Nxg7 Rb2+ 
40.Ka1 Bc3 41.Ne6+ Ke7 42.Nf4 Rxb3# 0-1

[Event "Regionale 5"]
[Site "?"]
[Date "2002.10.13"]
[Round "1"]
[White "Lecoultre, Patrick"]
[Black "Arlabosse, Nicolas"]
[Result "1-0"]
[WhiteElo "1630"]
[BlackElo "1580"]
[EventDate "2002.??.??"]
[Annotator "BlayeslesM - Montech"]
[PlyCount "113"]

1.e4 e5 2.Nf3 Nc6 3.Bb5 d6 4.O-O Bd7 5.c3 Nf6 6.Re1 Nb8 7.Qb3 Be7 8.Bc4 
O-O 9.Ng5 Be8 10.d4 h6 11.dxe5 dxe5 12.Rd1 Bd6 13.Nf3 Qe7 14.Re1 Bd7 15.h3
b6 16.Nbd2 Nc6 17.Bd5 Na5 18.Qc2 c6 19.Bc4 Nxc4 20.Nxc4 Bc7 21.Bd2 b5 22.
Ne3 Rfd8 23.Rad1 a5 24.Nh4 g6 25.Nf3 Re8 26.Nf1 Kh7 27.Ng3 Rh8 28.Be3 Rad8
29.Qb3 Be6 30.Qc2 Bd7 31.Rd2 Bc8 32.Red1 Rxd2 33.Rxd2 Rd8 34.c4 Rxd2 35.
Qxd2 Ng8 36.Qc3 Bd7 37.cxb5 Qd6 38.b6 Bb8 39.Qxa5 Ne7 40.Qc5 Qxc5 41.Bxc5 
Ng8 42.a4 Bc8 43.a5 Ba6 44.Nf1 Nf6 45.N1d2 Nd7 46.Nb3 Bb5 47.Be7 Kg7 48.
Nc5 Nxc5 49.Bxc5 f5 50.Nd2 Kf6 51.f3 h5 52.Kf2 g5 53.exf5 Kxf5 54.Ne4 Ba6 
55.Be3 g4 56.Nc5 Bc8 57.a6 1-0

[Event "R6R1 Cate 2 / Albi 2"]
[Site "CATE"]
[Date "2002.10.13"]
[Round "1.1"]
[White "GRIHON, Stephane"]
[Black "AUREJAC, Pierre"]
[Result "1/2-1/2"]
[WhiteElo "1480"]
[BlackElo "1510"]
[PlyCount "78"]

1.d4 Nf6 2.c4 d5 3.Nc3 e6 4.Bg5 Be7 5.Nf3 c5 6.e3 O-O 7.Bd3 a6 8.O-O dxc4 
9.Bxc4 b5 10.Bd3 c4 11.Bc2 Nbd7 12.Qb1 Bb7 13.Ne5 g6 14.Bh6 Nxe5 15.Bxf8 
Bxf8 16.dxe5 Ng4 17.Be4 Bxe4 18.Qxe4 h5 19.Rad1 Qb8 20.f4 Bc5 21.Rf3 Qa7 
22.Re1 Rd8 23.h3 Nxe3 24.Rfxe3 Rd3 25.Nd1 a5 26.Kh2 Bxe3 27.g4 Bf2 28.Rf1 
Rd2 29.gxh5 Bg1+ 30.Kg3 gxh5 31.Kh4 b4 32.Kxh5 Qc5 33.f5 Rd5 34.Qg4+ Kf8 
35.Rxg1 Rxe5 36.Qg7+ Ke7 37.Qg5+ Ke8 38.Qg8+ Ke7 39.Qg5+ Ke8 1/2-1/2

[Event "N3 - Tournefeuille / Cahors"]
[Site "?"]
[Date "2002.10.13"]
[Round "1.4"]
[White "Garrel, Alain"]
[Black "Marty, Brice"]
[Result "1-0"]
[WhiteElo "2160"]
[BlackElo "1990"]
[EventDate "2003.07.04"]
[PlyCount "65"]

1.d4 Nf6 2.Nf3 d5 3.c4 c6 4.cxd5 cxd5 5.Nc3 e6 6.Bf4 Bd6 7.Bxd6 Qxd6 8.e3 
Bd7 9.Ne5 a6 10.Bd3 Nc6 11.f4 b5 12.O-O Na5 13.g4 h5 14.g5 Ng4 15.Qe1 Nxe5
16.fxe5 Qe7 17.h4 b4 18.Nd1 Bb5 19.Nf2 Bxd3 20.Nxd3 Nc6 21.Rc1 Qb7 22.g6 
fxg6 23.Qg3 Ne7 24.Nc5 Qb6 25.Nd3 Kd7 26.Rf7 Ke8 27.Rcf1 Nf5 28.R7xf5 exf5
29.Nf4 Kd7 30.e6+ Kd6 31.Nxg6+ Kxe6 32.Nxh8 Rxh8 33.Qg6+ 1-0

[Event "R6R1 Cahors 2 / Rodez 2"]
[Site "CAHORS"]
[Date "2002.10.13"]
[Round "1.4"]
[White "Gond, Christophe"]
[Black "Andre, Yves"]
[Result "1-0"]
[WhiteElo "1499"]
[BlackElo "1065"]
[EventDate "2002.??.??"]
[PlyCount "47"]

1.e4 e5 2.Nf3 Nc6 3.Bc4 Bc5 4.O-O Nf6 5.Nc3 O-O 6.d3 h6 7.h3 a6 8.Be3 b5 
9.Bxc5 d6 10.Bd5 Qd7 11.Be3 Rb8 12.Qd2 b4 13.Ne2 a5 14.Bxh6 Ne7 15.Bxg7 
Kxg7 16.Qg5+ Ng6 17.Ng3 Rh8 18.Nf5+ Kf8 19.Qxf6 Rh7 20.Ng5 Rg7 21.Qxg7+ 
Ke8 22.Bxf7+ Kd8 23.Qg8+ Qe8 24.Qxe8# 1-0

[Event "R6R1 Cahors 2 / Rodez 2"]
[Site "CAHORS"]
[Date "2002.10.13"]
[Round "1.3"]
[White "Rouqual, Guy"]
[Black "Laumond, Olivier"]
[Result "1-0"]
[WhiteElo "1510"]
[BlackElo "1499"]
[EventDate "2002.??.??"]
[PlyCount "31"]

1.d4 d5 2.Nf3 Nf6 3.e3 e6 4.Bd3 c5 5.b3 Nc6 6.Bb2 Bd6 7.Nbd2 Qa5 8.O-O O-O
9.e4 dxe4 10.Nxe4 Be7 11.dxc5 Qd8 12.Nfg5 Kh8 13.Nxf6 Bxf6 14.Qh5 h6 15.
Bxf6 gxf6 16.Qxh6+ 1-0

[Event "R6R1 Ste Foy 2 / Vil.tol 2"]
[Site "Ste Foy"]
[Date "2002.10.13"]
[Round "1.3"]
[White "Moreau, Emilien"]
[Black "Mages, Gaétan"]
[Result "1-0"]
[WhiteElo "1199"]
[BlackElo "1099"]
[EventDate "2002.??.??"]
[PlyCount "65"]

1.c4 c5 2.Nf3 Nf6 3.d4 d5 4.dxc5 dxc4 5.Qa4+ Bd7 6.Qxc4 e6 7.Bg5 Be7 8.g3 
Qc8 9.Bg2 Bxc5 10.Ne5 h6 11.Be3 Na6 12.O-O b6 13.Bxa8 Qxa8 14.Qxa6 Bc8 15.
Qb5+ Bd7 16.Nxd7 Nxd7 17.Rd1 Qc8 18.Nc3 a6 19.Qd3 Be7 20.Rd2 Ne5 21.Qd4 
Bf6 22.Kf1 Nf3 23.Qa4+ b5 24.Nxb5 Nxd2+ 25.Bxd2 Qb7 26.Nd6+ Ke7 27.Nxb7 
Bxb2 28.Qb4+ Kf6 29.Qxb2+ e5 30.Bf4 Kf5 31.Nd6+ Kg6 32.Qxe5 f6 33.Qf5# 1-0

[Event "R6R1  Tournefeuille 3 / L uchon"]
[Site "Tournefeuille"]
[Date "2002.10.13"]
[Round "1.2"]
[White "LLOVERAS, Jean-claude"]
[Black "EGEA, Claude"]
[Result "0-1"]
[WhiteElo "1499"]
[BlackElo "1630"]
[PlyCount "92"]

1.d4 Nf6 2.Nc3 d5 3.Nf3 c6 4.Bf4 e6 5.e3 Qa5 6.a3 Nbd7 7.b4 Qd8 8.Bd3 a5 
9.b5 Be7 10.bxc6 bxc6 11.O-O Nh5 12.Ne2 Nxf4 13.Nxf4 O-O 14.c4 dxc4 15.
Bxc4 Nf6 16.Qd3 Bd6 17.Rfe1 Qc7 18.Qd2 Bxf4 19.exf4 Rd8 20.g3 c5 21.Qc3 
Bb7 22.Bb3 Qc6 23.Bd1 Ne4 24.Qe3 Rd6 25.Ne5 Qd5 26.Bf3 f5 27.dxc5 Qxc5 28.
Qxc5 Nxc5 29.Bxb7 Nxb7 30.Rac1 Rad8 31.Kg2 Rd2 32.Rc7 Nd6 33.Nf3 Ra2 34.
Ng5 Ne8 35.Rxe6 Nxc7 36.Re5 Rxa3 37.Rxf5 h6 38.Ne4 Rf8 39.Rc5 Ne6 40.Rd5 
Ra4 41.f3 Rd8 42.Re5 Nd4 43.f5 Rf8 44.g4 Ra3 45.g5 Nxf3 46.gxh6 Nxe5 0-1

[Event "N3 - Tournefeuille / Cahors"]
[Site "?"]
[Date "2002.10.13"]
[Round "1.8"]
[White "Rich, Philippe"]
[Black "Materre, Bertrand"]
[Result "1-0"]
[WhiteElo "1940"]
[BlackElo "1780"]
[EventDate "2003.07.04"]
[PlyCount "87"]

1.c4 Nf6 2.Nc3 d5 3.cxd5 Nxd5 4.g3 c6 5.Bg2 e6 6.Nf3 Be7 7.O-O O-O 8.b3 
Nd7 9.Bb2 Bf6 10.Rc1 Re8 11.Ba1 b6 12.Nxd5 cxd5 13.Bxf6 Nxf6 14.Qc2 Bb7 
15.Qc7 Re7 16.Qxd8+ Rxd8 17.Ne5 Kf8 18.d3 Nd7 19.Nc6 Bxc6 20.Rxc6 Nf6 21.
Rfc1 Ne8 22.d4 f5 23.e3 Kf7 24.Kf1 g6 25.Ke2 h5 26.R1c2 Nf6 27.b4 Rdd7 28.
a4 Kg7 29.Rc8 Kf7 30.f3 Kg7 31.Kf2 Kf7 32.Bf1 Ne8 33.Bb5 Rb7 34.Bc6 Nd6 
35.Bxb7 Rxb7 36.R8c7+ Rxc7 37.Rxc7+ Kf6 38.Rxa7 Nc4 39.a5 bxa5 40.bxa5 Nd6
41.a6 Nc4 42.Rc7 Nd6 43.a7 Nb5 44.Rb7 1-0

[Event "R6R1 Ste Foy 2 / Vil.tol 2"]
[Site "Ste Foy"]
[Date "2002.10.13"]
[Round "1.4"]
[White "Raboul, Francois"]
[Black "Boulogne, Karine"]
[Result "1-0"]
[WhiteElo "1199"]
[BlackElo "1199"]
[EventDate "2002.??.??"]
[PlyCount "71"]

1.e4 e5 2.Nc3 Nf6 3.Nf3 Nc6 4.Bb5 a6 5.Bxc6 bxc6 6.d3 d5 7.Nxe5 Bd6 8.Nxc6
Qd7 9.Nd4 O-O 10.O-O Be5 11.Bg5 Bxd4 12.Bxf6 gxf6 13.Qd2 Bb7 14.Ne2 Bxb2 
15.Rab1 Qb5 16.Nd4 Bxd4 17.Rxb5 Bc6 18.Rb4 Bc5 19.Rbb1 d4 20.Qf4 Bd6 21.
Qg4+ Kh8 22.f4 Rg8 23.Qh5 Be8 24.Rf3 Bd7 25.Qxf7 Raf8 26.Qxd7 Rd8 27.Qf7 
Rg7 28.Qh5 c5 29.Rg3 Rdg8 30.Rxg7 Rxg7 31.Qh6 Bf8 32.Rb7 a5 33.Rxg7 Bxg7 
34.Qh5 a4 35.Qe8+ Bf8 36.Qxf8# 1-0

[Event "R6R1 Loures.Bar./Vic Big.2"]
[Site "Loures Barousse"]
[Date "2002.10.13"]
[Round "1.3"]
[White "PONSOLLE, Rene"]
[Black "BARETTE, Loic"]
[Result "1-0"]
[WhiteElo "1499"]
[BlackElo "1299"]
[PlyCount "84"]

1.e4 e5 2.Nf3 d6 3.Nc3 Nc6 4.Bb5 Nf6 5.d4 exd4 6.Nxd4 Bg4 7.f3 a6 8.Bxc6+ 
bxc6 9.fxg4 d5 10.Nxc6 Qd6 11.exd5 a5 12.g5 Nd7 13.Qe2+ Be7 14.Qxe7+ Qxe7+
15.Nxe7 Kxe7 16.O-O Rhd8 17.Bf4 Rac8 18.Rad1 Kf8 19.d6 c5 20.Nb5 Rb8 21.a4
Nb6 22.b3 c4 23.Rfe1 Rbc8 24.Re7 Rc5 25.Be3 Rc6 26.Bxb6 Rxb6 27.Rc7 Rbxd6 
28.Rxd6 Rb8 29.Rxc4 f5 30.gxf6 g5 31.Rdc6 Kf7 32.Rc8 Rb6 33.R4c6 Rb7 34.
Nd6+ Kxf6 35.Nxb7+ Kf5 36.Re8 h5 37.Rc5+ Kg4 38.h3+ Kf4 39.Rxg5 Kxg5 40.
Kf2 h4 41.Ke3 Kf5 42.Re4 Kg5 1-0